000 00761nam a22002417a 4500
001 97797
003 UA-OsUOA
005 20220625234416.0
007 ta
008 20130404b un ||||| |||| 00| 0 ukr d
040 _aUA-OsUOA
_brus
_cUA-OsUOA
_dUA-OsUOA
041 _arus
080 _a821.161.1
090 _a821.161.1
_bП12
100 _aПаустовский К.
245 _aСобрание сочинений в восьми томах
260 _aМ.
_bХудожественная литература
_c1970
300 _a447 с.
505 _gт. 8
_tЛитературные портреты. Очерки. Заметки
650 7 _a82 Література. Літературознавство
_2UDC
942 _cBK
_2udc
955 _a3
999 _c384059
_d384059